01723nam a2200277 a 4500008004100000020001500041100001900056245010100075260004000176300003200216350000900248490003400257500003400291650001600325650004000341650005900381700002100440710001500461995017800476995015900654995015300813995015300966995016001119995014901279999001701428120416s2005 ||||||||||||||||| || u a0821358634 aBeghin, John C10aGlobal agricultural trade and developing countriescedited by M. Ataman Aksoy and John C. Beghin aWashington, D.C.:bWorld Bankc2005 axviii, 329p.: ill. + CD-ROM a0.00 aTrade and decvelopment series aText accompanied by a CD copy aAGRICULTURE aPRODUCE TRADE--DEVELOPING COUNTRIES aPRODUCE TRADE--GOVERNMENT POLICY--DEVELOPING COUNTRIES aAksoy, M. Ataman aWorld Bank aMEDICAL LIBRARY OPEN ACCESSe903625FCBU-SCHOOL OF MEDICINE LIBRARY (Ndola)I0.00jHD 9018.D44 GloM6UAVAILABLEWMay 9, 2016y903625ZMedical Library Open Access Collection aMAIN LIBRARY OPEN ACCESSe745970FCBU-MAIN LIBRARY (Kitwe)I0.00jHD 9018.D44 GloM3UAVAILABLEWApr 25, 2016y745971ZMain Library Open Access Collection aSPECIAL COLLECTIONSe500434FCBU-DAG HAMMARSKJOLD INSTITUTE LIBRARYI0.00jHD 9018.D44 GloM5UAVAILABLEWMay 9, 2016y500434ZDHIPS Book Collection aSPECIAL COLLECTIONSe500433FCBU-DAG HAMMARSKJOLD INSTITUTE LIBRARYI0.00jHD 9018.D44 GloM4UAVAILABLEWMay 9, 2016y500433ZDHIPS Book Collection aMAIN LIBRARY OPEN ACCESSe745970FCBU-MAIN LIBRARY (Kitwe)I45.00jHD 9018.D44 GloM2UAVAILABLEWApr 25, 2016y745970ZMain Library Open Access Collection aSPECIAL COLLECTIONSD0.00eIBRD(02)2005/36FCBU-MAIN LIBRARY (Kitwe)H1I0.00jIBRD(02)2005/ 36M1UAVAILABLEy56207ZInternational Publications c63904d63904